[Event "Poznan op 27th"]
[Site "Poznan"]
[Date "2019.08.25"]
[Round "9"]
[White "Wojdak, Jan"]
[Black "Golinski, Kacper"]
[Result "1/2-1/2"]
[WhiteElo "1913"]
[BlackElo "1668"]
[PlyCount "92"]
[EventDate "2019.08.18"]
[EventType "swiss"]
[EventRounds "9"]
[EventCountry "POL"]
[SourceTitle "EXT 2020"]
[Source "ChessBase"]
[SourceDate "2019.10.17"]
[SourceVersion "1"]
[SourceVersionDate "2019.10.17"]
[SourceQuality "1"]

1. e4 e5 2. Nf3 Nf6 3. d4 Nxe4 4. Bd3 d5 5. Nxe5 Nf6 6. 0-0 Bd6 7. Bf4 0-0 8. c4 c6 9. Nc3 Be6 10. b3 Re8 11. Qc2 Bf8 12. Rad1 Nbd7 13. Rfe1 Rc8 14. Bf5 g6 15. Bxe6 Rxe6 16. h3 Bg7 17. Nf3 Nf8 18. c5 Rxe1+ 19. Rxe1 Ne6 20. Bd6 Ne8 21. Be5 Bxe5 22. Rxe5 Qf6 23. Qe2 N8g7 24. Qd2 Nf5 25. Ne2 Rd8 26. Qb4 Rd7 27. Qc3 Re7 28. Kh1 Rd7 29. g4 Nh4 30. Nxh4 Qxh4 31. Qe3 Qf6 32. g5 Qd8 33. Nf4 Ng7 34. Ne2 Kf8 35. Qf3 Re7 36. Qf6 Qd7 37. Nf4 Rxe5 38. Qxe5 Qe8 39. Qxe8+ Kxe8 40. Kg2 Nf5 41. Ne2 Ke7 42. f4 Ke6 43. Kf3 Kd7 44. Kg4 Ke6 45. h4 Ne3+ 46. Kf3 Nf5 1/2-1/2

[Event "Poznan op 27th"]
[Site "Poznan"]
[Date "2019.08.23"]
[Round "7"]
[White "Golinski, Kacper"]
[Black "Duszczak, Dariusz"]
[Result "1/2-1/2"]
[WhiteElo "1668"]
[BlackElo "1841"]
[PlyCount "48"]
[EventDate "2019.08.18"]
[EventType "swiss"]
[EventRounds "9"]
[EventCountry "POL"]
[SourceTitle "EXT 2020"]
[Source "ChessBase"]
[SourceDate "2019.10.17"]
[SourceVersion "1"]
[SourceVersionDate "2019.10.17"]
[SourceQuality "1"]

1. e4 d5 2. exd5 Qxd5 3. Nc3 Qd6 4. Nf3 Nf6 5. d4 Bg4 6. Be2 a6 7. 0-0 Nc6 8. Be3 e6 9. h3 Bh5 10. Qd2 0-0-0 11. Rfd1 h6 12. a3 g5 13. b4 g4 14. Ne5 Nxe5 15. dxe5 Qxd2 16. Bxd2 Nd7 17. hxg4 Bg6 18. f4 Bxc2 19. Rdc1 Bb3 20. Rcb1 Bc2 21. Rc1 Bb3 22. Rcb1 Bc2 23. Rc1 Bb3 24. Rcb1 Bc2 1/2-1/2

[Event "Poznan op 27th"]
[Site "Poznan"]
[Date "2019.08.18"]
[Round "2"]
[White "Rozanski, Mateusz"]
[Black "Golinski, Kacper"]
[Result "0-1"]
[WhiteElo "1309"]
[BlackElo "1668"]
[PlyCount "63"]
[EventDate "2019.08.18"]
[EventType "swiss"]
[EventRounds "9"]
[EventCountry "POL"]
[SourceTitle "EXT 2020"]
[Source "ChessBase"]
[SourceDate "2019.10.17"]
[SourceVersion "1"]
[SourceVersionDate "2019.10.17"]
[SourceQuality "1"]

1. e4 e5 2. Nf3 Nf6 3. Nxe5 d6 4. Nf3 Nxe4 5. Nc3 Nxc3 6. dxc3 Nc6 7. Bb5 Be7 8. 0-0 0-0 9. Bxc6 bxc6 10. h4 c5 11. Re1 Bf6 12. Bf4 Rb8 13. Rb1 Be6 14. Qc1 h6 15. a3 Rb7 16. Qd1 Qb8 17. Qc1 Kh7 18. b3 Bxc3 19. Rd1 a5 20. a4 c4 21. Qe3 Bf6 22. Nd2 cxb3 23. cxb3 Qa7 24. Qf3 Rfb8 25. Be3 Qa8 26. Ne4 Be7 27. Rd3 Rb4 28. Rd4 Rxd4 29. Bxd4 Qd5 30. Be3 c6 31. Qg3 f6 32. Nd2 0-1

[Event "Wroclaw Anderssen Memorial op"]
[Site "Wroclaw"]
[Date "2018.08.05"]
[Round "9"]
[White "Lukasiewicz, Krzysztof"]
[Black "Golinski, Kacper"]
[Result "1-0"]
[WhiteElo "2242"]
[BlackElo "1661"]
[PlyCount "51"]
[EventDate "2018.08.04"]
[EventType "swiss (rapid)"]
[EventRounds "13"]
[EventCountry "POL"]
[SourceTitle "CBM 185 Extra"]
[Source "ChessBase"]
[SourceDate "2018.07.29"]
[SourceVersion "1"]
[SourceVersionDate "2018.07.29"]
[SourceQuality "1"]

1. d4 Nf6 2. Bf4 e6 3. e3 d5 4. Nf3 Bd6 5. Bg3 Ne4 6. Nbd2 f5 7. Bd3 c6 8. Qe2 h6 9. Bxd6 Qxd6 10. Ne5 Nd7 11. Ndf3 g5 12. Nxd7 Bxd7 13. Ne5 0-0-0 14. Nf7 Qe7 15. Nxd8 Qxd8 16. 0-0-0 Qa5 17. Kb1 Nd6 18. f3 b5 19. h4 Rg8 20. hxg5 hxg5 21. e4 f4 22. exd5 exd5 23. Qe7 Nc4 24. Rh7 Rd8 25. Bf5 Nb6 26. Qd6 1-0